000
00323nam a22001337a 4500
020
_a
978-0-273-78604-7
082
_a
332.456
100
_a
Copeland, Laurence
245
_a
Exchange Rates and International Finance
250
_a
6th
260
_a
Harlow:
_b
Pearson,
_c
2014
300
_a
xii, 573p.: ill.; 25cm
942
_c
BK
999
_c
22149
_d
22149